Responses for Show #4073 - Wednesday, April 24, 2002

(Sarah: Clues from the Wild West next on Jeopardy!--so kick back... and enjoy the show.)

Contestants

[<< previous game]

Lisa Kerwin, a German teacher from Gaithersburg, Maryland

Vicki Aken, a writer from Couderay, Wisconsin

Nathan Chan, a software tester from Bellevue, Washington (whose 1-day cash winnings total $10,700)

[next game >>]

Jeopardy! Round responses

FAMOUS AMERICANS
I WANNA BE A COWBOY
CHARACTERS IN MUSICALS
WATCH YOUR TONGUE
LARRY, MOE OR CURLY
"K.C."
    $200 16
Lewis & Clark

Vicki
    $200 11
a lasso

Vicki
    $200 2
[Nathan omitted the leading article from the response.]

The King and I

Nathan
    $200 21
Russian

Nathan
    $200 26
Moe

Lisa
    $200 1
Kurt Cobain

Lisa
    $400 17
Annie Oakley

Nathan
    $400 12
a six-shooter

Lisa
    $400 3
Fiddler on the Roof

Lisa
    $400 22
German

Vicki
    $400 27
Curly

Lisa
    $400 7
Kate Capshaw

Nathan
    $600 18
Joseph Smith

Vicki
    $600 13
a bandanna

Lisa
    $600 4
Li'l Abner

Lisa
    $600 23
the Battle of Hastings (the Norman Conquest)

Vicki
    $600 28
Moe

Triple Stumper
    $600 8
Karen Carpenter

Vicki
    $800 19
(Alex: He also ran for president: [*].)

Barry Goldwater

Triple Stumper
    $800 14
chaps

Lisa
    $800 5
Oklahoma!

Nathan
    $800 24
Greek

Lisa
    $800 29
Larry

Nathan
    $600 9
Kit Carson

Vicki
    $1000 20
George Dewey

Triple Stumper
    $1000 15
a branding iron

Vicki
    $1000 6
Show Boat

Nathan
    $1000 25
(Lisa: What's Swedish?)
Vicki: What is Denmark?
(Alex: Den...no.)
(Vicki: W...)
...
(Alex: [to Vicki] You gave us the country, not the language.)

Danish

NathanVickiLisa
    $1000 30
(Tommy) Moe

Nathan
    $1000 10
Kirk Cameron

Lisa

Scores at the first commercial break (after clue 15):

Nathan Vicki Lisa
$2,400 $2,400 $4,000

Scores at the end of the Jeopardy! Round:

Nathan Vicki Lisa
$5,800 $3,200 $4,400

Double Jeopardy! Round responses

17th CENTURY SCIENCE
A "WOMAN" OF THE MOVIES
ON THE INDEX OF FORBIDDEN BOOKS
(Alex: The Index does not exist anymore, I understand.)
JUST A THOUGHT
"COP"ING
K.C.
    $400 6
the moon

Nathan
    $400 20
Pretty Woman

Lisa
    $400 1
Sartre

Vicki
    $400 11
animals

Vicki
    $400 25
Copenhagen

Vicki
    $400 16
fountains

Vicki
    $800 7
(Vicki: What is ether?)
...
(Alex: Each made up of [*]. And they are, aren't they?)

atoms

Vicki
Triple Stumper
    $800 21
Scent of a Woman

Lisa
    $1,000 2
(Vicki: Who is Amos and Andy?)

Calvin and Hobbes

Vicki
    $800 12
(Lisa: What are Lutherans?)
(Alex: Be more specific.)
(Lisa: What are [*]?)
(Alex: [Looking off toward the judges' table] We're giving it to you. What are [*]? That's what we were going for.)
(Lisa: Ok.)

Protestant Lutherans (Protestants)

Lisa
    $800 26
the Copacabana

Nathan
    $800 17
jazz

Nathan
    $1200 8
the pendulum

Triple Stumper
    $1200 22
Kiss of the Spider Woman

Vicki
    $1200 3
Casanova

Vicki
    $1200 13
[Note: The name is usually spelled "Ludd".]

the Industrial Revolution

Nathan
    $1200 27
copacetic

Lisa
    $1200 18
(Nathan: What is the Mississippi?)

the Missouri (River)

NathanLisa
    $800 9
a piston

Nathan
    $1600 23
The Incredible Shrinking Woman

Triple Stumper
    $1600 4
Flaubert

Vicki
    $1600 14
Confucius

Nathan
    $1600 28
Copernicus

Vicki
    $1600 19
The Kansas City Star

Triple Stumper
    $2000 10
logarithms

Nathan
    $2000 24
(Alex: Can't get enough of a good thing. [*] Hi, Daryl. [Looking to the sky as he says it.])

The Attack of the 50 Ft. Woman

Triple Stumper
    $2000 5
François Rabelais

Triple Stumper
    $2000 15
the Fates

Vicki
    $2000 29
Aaron Copland

Vicki
    $2000 30
(Alex: Famous American artist, [*].)

Thomas Hart Benton

Triple Stumper

Scores at the end of the Double Jeopardy! Round:

Nathan Vicki Lisa
$12,200 $12,600 $8,800

[wagering suggestions for these scores]

Final Jeopardy! Round responses

RECENT HISTORY
(Alex: With all that has happened in the past 10 years, this was not an easy Final.)
...
(Alex: The correct response is [*]. English and Afrikaans, and now they've added so many other languages: Zulu, Swazi, etc.)
LisaWhat is Russia?
$4,000
NathanWhat is India?
$5,500
VickiWhat Yugoslavia
$12,200
South Africa

Final scores:

Nathan Vicki Lisa
$6,700 $400 $4,800
2-day champion: $17,400 3rd place: trip for 2 to St. Lucia in the West Indies 2nd place: trip for 2 to the Big Island of Hawaii

Game dynamics:

Coryat scores:

Nathan Vicki Lisa
$13,000 $13,800 $8,800
16 R
(including 1 DD),
1 W
18 R
(including 1 DD),
3 W
(including 1 DD)
15 R,
1 W

Combined Coryat: $35,600

[game clues] [game scores] [suggest correction]

Game tape date: 2002-01-15
The J! Archive is created by fans, for fans. Scraping, republication, monetization, and malicious use prohibited; this site may use cookies and collect identifying information. See terms. The Jeopardy! game show and all elements thereof, including but not limited to copyright and trademark thereto, are the property of Jeopardy Productions, Inc. and are protected under law. This website is not affiliated with, sponsored by, or operated by Jeopardy Productions, Inc. Join the discussion at JBoard.tv.